000 01990nam0a2200337 4500
001 RU\NLR\bibl\1081483
005 20260406193648.0
010 _a5-7456-0028-4
_9500
021 _aRU
_b2007-19710
_91048
035 _a(NLR Aleph) 001068667
090 _a984623
_c984623
100 _a20070504d2002 |||y0rusy50 ca
101 0 _arus
102 _aRU
105 _ay |||||||||
200 1 _aИммунобиологические, технологические, экономические факторы повышения производства продукции сельского хозяйства
_e[сборник научных работ]
_fМ-во сел. хоз-ва Рос. Федерации, Всерос. НИИ контроля, стандартизации и сертификации вет. препаратов, Акад. наук Респ. Башкорстан, Башк. гос. аграр. ун-т
_gпод ред. проф. Маннаповой Р.Т. [и др.]
210 _aМосква
_cВГНКИ
_aУфа
_cБГАУ
_d2002
215 _a411 с.
_d21
320 _aБиблиогр.: с. 353-356 (37 назв.)
606 1 _aПчеловодство
_jСборники
_9998796
_3RU\NLR\auth\6660675
606 1 _aБиотехнология
_jСборники
_xПрименение в животноводстве
_xИммунобиологические основы
_92476616
_3RU\NLR\auth\661470512
686 _aП691я43
686 _aП836.325я43
702 1 _8rus
_7ca
_aМаннапова
_bР. Т.
_f1955-
_gРамзия Тимергалеевна
_3RU\NLR\AUTH\7741797
_924745
712 0 2 _4570
_aВсероссийский государственный НИИ контроля, стандартизации и сертификации ветеринарных препаратов
_3RU\NLR\AUTH\889956456
_9409021
801 0 _aRU
_bNLR
_c20070504
_gRCR
801 1 _aRU
_bNLR
_c20070504
942 _cBOOK
980 _aNB